Prolegomena: zu einer jeden künftigen Metaphysik, die als Wissenschaft wird auftreten können
-д хадгалсан:
| Формат: | Ном |
|---|---|
| Хэл сонгох: | герман |
| Хэвлэсэн: |
Berlín
Felix Meiner
1965
|
| Цуврал: | Philosophische Bibliothek, 40
|
| Нөхцлүүд: | |
| Шошгууд: |
Шошго нэмэх
Шошго байхгүй, Энэхүү баримтыг шошголох эхний хүн болох!
|
MARC
| LEADER | 00000nam a2200000 a 4500 | ||
|---|---|---|---|
| 001 | UCZ3028 | ||
| 003 | CL-VaPUC | ||
| 005 | 20210515001802.0 | ||
| 008 | 951013e19650000GW |||||||||||||||||ger|d | ||
| 999 | |c 239558 |d 239556 | ||
| 040 | |c Pontificia Universidad Católica de Valparaíso | ||
| 082 | 0 | 4 | |a 142.3 |b KAN |2 21 |
| 245 | 1 | 0 | |a Prolegomena: zu einer jeden künftigen Metaphysik, die als Wissenschaft wird auftreten können |
| 260 | |a Berlín |b Felix Meiner |c 1965 | ||
| 300 | |a 200 p | ||
| 490 | 0 | |a Philosophische Bibliothek, 40 | |
| 583 | |a last modification |c 19951013 00:00:00 |k Rodrigo Vera | ||
| 650 | 0 | |a Metafísica |9 265649 | |
| 650 | 0 | |a Ciencia |9 255691 | |
| 650 | 0 | |a Filosofía alemana |9 265002 | |
| 650 | 7 | |a FILOSOFIA SIGLO 18 |2 CL-VaPUC |9 325041 | |
| 852 | |a BIBCUR | ||
| 942 | |c BK |2 ddc | ||
| 945 | |d 19951013 00:00:00 |a cmena | ||
| 952 | |0 0 |1 0 |4 0 |6 142_300000000000000_KAN_1965 |7 0 |8 P |9 250795 |a BIBEDU |b BIBEDU |c BIBEDU_PB |d 2019-11-18 |i 1583069 |o 142.3 KAN 1965 |p 1583069 |r 2024-01-25 |w 2019-11-18 |y BK |k FIL | ||